000 00452nam a2200181Ia 4500
001 11343
005 20260306162821.0
008 260306t1965||||xx |||||||||||||| ||spa||
041 _aESP
082 _a985.033
_bD63
100 _aDeustua Pimentel, Carlos
_eAUT
245 0 _aLas intendencias en el Perú (1790-1796)
260 _c1965
300 _axxviii, 263 páginas :
_c22 cm.
650 _aGEN
654 _aCHU
942 _cLIB
_dJUS
_fJUS
_2ddc
_n
999 _c11343
_d11343